Titres de chansons françaises contenant le mot mer - Statistiques

Statistiques générales
  • Ce quiz a été pris 300 fois
  • Le résultat moyen est 3 sur 14
Statistiques - réponses
Année Chanteur Titre % Correct
1946 Charles Trenet La mer
90%
2004 Calogero en duo avec Passi Face à la mer
74%
1985 Philippe Lavil Elle préfère l'amour en mer
40%
1993 Laurent Voulzy Belle ile en mer Marie Galante
26%
1964 Adamo Les filles du bord de mer
25%
1962 François Deguelt Le ciel le soleil et la mer
22%
1975 Michel Jonasz Les vacances au bord de la mer
18%
1988 Véronique Jannot J'ai fait l'amour avec la mer
14%
1968 Raoul de Godewarsvelde Quand la mer monte
12%
1970 Alain Barrière A regarder la mer
4%
1970 Léo Ferré La mémoire et la mer
4%
1987 Touchez pas à la mer Antoine
3%
2001 Les négresses vertes C'est pas la mer à boire
2%
1935 Tino Rossi Noël en mer
1%
Aucun quiz correspondant
Distribution des résultats
% des personnes avec chaque résultat
Percentile par nombre de réponses
Votre historique - résultats
Vous n’avez pas pris ce quiz